000 00309nam a22001337a 4500
008 171021b xxu||||| |||| 00| 0 eng d
020 _a9780967487922
041 _aeng
080 _a658
100 _a54
101 _aLID
245 _aGOING BEYOND LEADERSHIP OF CHARACTER
_cREMICK, N.TH
942 _2udc
_cBK
999 _c35274
_d35274